Organic chemistry (Record no. 19721)

MARC details
000 -LEADER
fixed length control field 00296nam a2200121Ia 4500
082 ## - DEWEY DECIMAL CLASSIFICATION NUMBER
Classification number 547
Item number CRA
100 ## - MAIN ENTRY--AUTHOR NAME
Personal name Cram, Donald J
245 #0 - TITLE STATEMENT
Title Organic chemistry
260 ## - PUBLICATION, DISTRIBUTION, ETC. (IMPRINT)
Place of publication New York
Name of publisher McGraw Hill
Year of publication 1959
700 ## - ADDED ENTRY--PERSONAL NAME
Personal name Hammond, George S
942 ## - ADDED ENTRY ELEMENTS (KOHA)
Koha item type Books
Holdings
Withdrawn status Lost status Damaged status Not for loan Home library Current library Date acquired Cost, normal purchase price Full call number Accession Number Koha item type
        RRII Library RRII Library 16/12/2021 24.75 547 CRA 00453 Books